000 00964nam a2200181Ia 4500
008 151202s9999||||xx |||||||||||||| ||und||
082 _bPNVM-44683
100 _aनगर्सेकर सुरेश/नगर्सेकर अमिता.
245 _aरोगप्रतिकारक शक्ती वाढविणारी प्रभावी औषो.
260 _b"मनोरमा प्रकाशन,मुंबई."
260 _c2002
300 _a335
600 _aनगर्सेकर सुरेश/नगर्सेकर अमिता.
630 _aरोगप्रतिकारक शक्ती वाढविणारी प्रभावी औषो.
700 _aनगर्सेकर सुरेश/नगर्सेकर अमिता.
730 _aरोगप्रतिकारक शक्ती वाढविणारी प्रभावी औषो.
942 _cBOOK
999 _c1310635
_d1310632